<?xml version="1.0" encoding="UTF-8"?><?xml-stylesheet type="text/xsl" href="static/style.xsl"?><OAI-PMH xmlns="http://www.openarchives.org/OAI/2.0/" xmlns:xsi="http://www.w3.org/2001/XMLSchema-instance" xsi:schemaLocation="http://www.openarchives.org/OAI/2.0/ http://www.openarchives.org/OAI/2.0/OAI-PMH.xsd"><responseDate>2026-04-13T04:18:05Z</responseDate><request verb="GetRecord" identifier="oai:www.recercat.cat:11351/13648" metadataPrefix="marc">https://recercat.cat/oai/request</request><GetRecord><record><header><identifier>oai:recercat.cat:11351/13648</identifier><datestamp>2025-09-30T02:08:53Z</datestamp><setSpec>com_2072_378070</setSpec><setSpec>com_2072_378040</setSpec><setSpec>col_2072_378092</setSpec></header><metadata><record xmlns="http://www.loc.gov/MARC21/slim" xmlns:dcterms="http://purl.org/dc/terms/" xmlns:xsi="http://www.w3.org/2001/XMLSchema-instance" xmlns:doc="http://www.lyncode.com/xoai" xsi:schemaLocation="http://www.loc.gov/MARC21/slim http://www.loc.gov/standards/marcxml/schema/MARC21slim.xsd">
   <leader>00925njm 22002777a 4500</leader>
   <datafield ind2=" " ind1=" " tag="042">
      <subfield code="a">dc</subfield>
   </datafield>
   <datafield ind2=" " ind1=" " tag="720">
      <subfield code="a">Modest, Dominik P.</subfield>
      <subfield code="e">author</subfield>
   </datafield>
   <datafield ind2=" " ind1=" " tag="720">
      <subfield code="a">Elez, Elena</subfield>
      <subfield code="e">author</subfield>
   </datafield>
   <datafield ind2=" " ind1=" " tag="720">
      <subfield code="a">taieb, julien</subfield>
      <subfield code="e">author</subfield>
   </datafield>
   <datafield ind2=" " ind1=" " tag="720">
      <subfield code="a">Fakih, Marwan</subfield>
      <subfield code="e">author</subfield>
   </datafield>
   <datafield ind2=" " ind1=" " tag="720">
      <subfield code="a">Ciardiello, Fortunato</subfield>
      <subfield code="e">author</subfield>
   </datafield>
   <datafield ind2=" " ind1=" " tag="720">
      <subfield code="a">Van Cutsem, Eric</subfield>
      <subfield code="e">author</subfield>
   </datafield>
   <datafield ind2=" " ind1=" " tag="260">
      <subfield code="c">2025-09-16T07:31:42Z</subfield>
   </datafield>
   <datafield ind2=" " ind1=" " tag="260">
      <subfield code="c">2025-09-16T07:31:42Z</subfield>
   </datafield>
   <datafield ind2=" " ind1=" " tag="260">
      <subfield code="c">2025-09-09</subfield>
   </datafield>
   <datafield ind2=" " ind1=" " tag="520">
      <subfield code="a">Bevacizumab; Colorectal cancer; Depth of response</subfield>
   </datafield>
   <datafield ind2=" " ind1=" " tag="520">
      <subfield code="a">Bevacizumab; Cáncer colorrectal; Profundidad de respuesta</subfield>
   </datafield>
   <datafield ind2=" " ind1=" " tag="520">
      <subfield code="a">Bevacizumab; Càncer colorectal; Profunditat de resposta</subfield>
   </datafield>
   <datafield ind2=" " ind1=" " tag="520">
      <subfield code="a">Objectives: This post hoc analysis of the SUNLIGHT trial sought to assess the response to treatment with trifluridine/tipiracil (FTD/TPI) + bevacizumab and FTD/TPI in patients with refractory metastatic colorectal cancer using tumor shrinkage (TS), early TS (ETS), duration of TS (DTS) and depth of response (DpR) as response-related parameters.&#xd;
Methods: TS was defined as any decrease from baseline of the sum of the longest diameter of target lesions. TS at first assessment was specified as ETS. DpR was defined as the maximum percentage change from baseline of the sum of the longest diameters of target lesions. DTS was defined as the time from first TS to first increase in tumor size, progressive disease, or death.&#xd;
Results: In the FTD/TPI + bevacizumab group, 48 % had TS and 39 % had ETS. In the FTD/TPI group, 21 % had TS and 17 % had ETS. In patients achieving ETS, median DTS was prolonged with FTD/TPI + bevacizumab compared to FTD/TPI (3.8 versus 2.1 months; HR: 0.34 [95 % CI: 0.22, 0.53]; P &lt; 0.0001). Magnitude of DpR was greater with FTD/TPI + bevacizumab than with FTD/TPI.&#xd;
Conclusion: The survival benefit of treatment with FTD/TPI + bevacizumab versus FTD/TPI is likely associated with the improvement of ETS and DpR.</subfield>
   </datafield>
   <datafield ind2=" " ind1=" " tag="520">
      <subfield code="a">This analysis was funded by Institut de Recherches Internationales, Servier, France.</subfield>
   </datafield>
   <datafield ind1="8" ind2=" " tag="024">
      <subfield code="a">http://hdl.handle.net/11351/13648</subfield>
   </datafield>
   <datafield tag="653" ind2=" " ind1=" ">
      <subfield code="a">Metàstasi</subfield>
   </datafield>
   <datafield tag="653" ind2=" " ind1=" ">
      <subfield code="a">Recte - Càncer - Tractament</subfield>
   </datafield>
   <datafield tag="653" ind2=" " ind1=" ">
      <subfield code="a">Còlon - Càncer - Tractament</subfield>
   </datafield>
   <datafield tag="653" ind2=" " ind1=" ">
      <subfield code="a">Quimioteràpia combinada</subfield>
   </datafield>
   <datafield tag="653" ind2=" " ind1=" ">
      <subfield code="a">Avaluació de resultats (Assistència sanitària)</subfield>
   </datafield>
   <datafield tag="653" ind2=" " ind1=" ">
      <subfield code="a">ANALYTICAL, DIAGNOSTIC AND THERAPEUTIC TECHNIQUES, AND EQUIPMENT::Therapeutics::Therapeutics::Drug Therapy::Antineoplastic Protocols::Therapeutics::Drug Therapy::Antineoplastic Combined Chemotherapy Protocols</subfield>
   </datafield>
   <datafield tag="653" ind2=" " ind1=" ">
      <subfield code="a">DISEASES::Neoplasms::Neoplasms by Site::Digestive System Neoplasms::Gastrointestinal Neoplasms::Intestinal Neoplasms::Colorectal Neoplasms</subfield>
   </datafield>
   <datafield tag="653" ind2=" " ind1=" ">
      <subfield code="a">Other subheadings::Other subheadings::Other subheadings::/drug therapy</subfield>
   </datafield>
   <datafield tag="653" ind2=" " ind1=" ">
      <subfield code="a">DISEASES::Neoplasms::Neoplastic Processes::Neoplasm Metastasis</subfield>
   </datafield>
   <datafield tag="653" ind2=" " ind1=" ">
      <subfield code="a">ANALYTICAL, DIAGNOSTIC AND THERAPEUTIC TECHNIQUES, AND EQUIPMENT::Diagnosis::Prognosis::Treatment Outcome</subfield>
   </datafield>
   <datafield tag="653" ind2=" " ind1=" ">
      <subfield code="a">TÉCNICAS Y EQUIPOS ANALÍTICOS, DIAGNÓSTICOS Y TERAPÉUTICOS::terapéutica::terapéutica::farmacoterapia::protocolos antineoplásicos::terapéutica::farmacoterapia::protocolos de quimioterapia antineoplásica combinada</subfield>
   </datafield>
   <datafield tag="653" ind2=" " ind1=" ">
      <subfield code="a">ENFERMEDADES::neoplasias::neoplasias por localización::neoplasias del sistema digestivo::neoplasias gastrointestinales::neoplasias intestinales::neoplasias colorrectales</subfield>
   </datafield>
   <datafield tag="653" ind2=" " ind1=" ">
      <subfield code="a">Otros calificadores::Otros calificadores::Otros calificadores::/farmacoterapia</subfield>
   </datafield>
   <datafield tag="653" ind2=" " ind1=" ">
      <subfield code="a">ENFERMEDADES::neoplasias::procesos neoplásicos::metástasis neoplásica</subfield>
   </datafield>
   <datafield tag="653" ind2=" " ind1=" ">
      <subfield code="a">TÉCNICAS Y EQUIPOS ANALÍTICOS, DIAGNÓSTICOS Y TERAPÉUTICOS::diagnóstico::pronóstico::resultado del tratamiento</subfield>
   </datafield>
   <datafield ind2="0" ind1="0" tag="245">
      <subfield code="a">Impact of trifluridine/tipiracil plus bevacizumab on tumor shrinkage and depth of response in refractory metastatic colorectal cancer: analysis of the SUNLIGHT trial</subfield>
   </datafield>
</record></metadata></record></GetRecord></OAI-PMH>